000 nam a22 7a 4500
999 _c7573
_d7573
008 170921b xxu||||| |||| 00| 0 eng d
020 _a9788123749266
100 _aBhatia Manjeet Singh
_94088
245 _aMental Disorders
_bMisconceptions and Realities
260 _aIndia
_bNational Book Trust
_c2006